[Event "Besancon op"]
[Site "Besancon"]
[Date "2008.12.28"]
[Round "3"]
[White "Picavez, Pascal"]
[Black "Loctin, Norbert"]
[Result "1-0"]
[WhiteElo "1340"]
[BlackElo "1499"]
[PlyCount "73"]
[EventDate "2008.12.26"]
[EventType "swiss"]
[EventRounds "7"]
[EventCountry "FRA"]
[SourceTitle "CBM 128 Extra"]
[Source "ChessBase"]
[SourceDate "2009.03.05"]
[SourceVersion "2"]
[SourceVersionDate "2009.03.25"]
[SourceQuality "1"]

1. e4 c5 2. Nf3 d6 3. Bc4 Nf6 4. Ng5 e6 5. Nc3 Be7 6. d4 cxd4 7. Qxd4 Nc6 8. Qe3 0-0 9. Bd3 Nb4 10. 0-0 b6 11. Rd1 Qc7 12. Qg3 Nxd3 13. Rxd3 Nh5 14. Qg4 g6 15. e5 f5 16. Qh4 dxe5 17. Qh3 h6 18. Nxe6 Bxe6 19. Bxh6 Rf7 20. Rg3 Kh7 21. Bg5 Bf6 22. Qh4 Qe7 23. f4 exf4 24. Bxf6 Qxf6 25. Rg5 Kh6 26. Rxh5+ gxh5 27. Qxf4+ Qg5 28. Qf3 Rg8 29. g3 Qg4 30. Qe3+ Qg5 31. Qxe6+ Rf6 32. Qe7 h4 33. Rd1 hxg3 34. h3 Rfg6 35. Rd7 Qc1+ 36. Nd1 R8g7 37. Qh4# 1-0

[Event "FRA-ch op-D"]
[Site "Aix les Bains"]
[Date "2007.08.23"]
[Round "9"]
[White "Picavez, Pascal"]
[Black "Ringot, Maxime"]
[Result "0-1"]
[WhiteElo "1300"]
[BlackElo "1490"]
[PlyCount "82"]
[EventDate "2007.08.13"]
[EventType "swiss"]
[EventRounds "11"]
[EventCountry "FRA"]
[SourceTitle "CBM 120 Extra"]
[Source "ChessBase"]
[SourceDate "2007.11.01"]
[SourceVersion "1"]
[SourceVersionDate "2007.11.01"]
[SourceQuality "1"]

1. e3 e5 2. d3 d5 3. g3 Nc6 4. b3 Nf6 5. Bg2 Bf5 6. Bb2 Bb4+ 7. Nd2 0-0 8. a3 Ba5 9. Ngf3 Re8 10. b4 Bb6 11. b5 e4 12. bxc6 exf3 13. Qxf3 Bg4 14. Bxf6 Bxf3 15. Bxd8 Bxg2 16. Rg1 Rexd8 17. cxb7 Rab8 18. Rxg2 Rxb7 19. h4 Re8 20. d4 Reb8 21. Rb1 Ba5 22. Rxb7 Rxb7 23. Ke2 Rb2 24. Rg1 Rxc2 25. Rd1 h5 26. Kd3 Rc3+ 27. Ke2 Rxa3 28. Kf3 f6 29. Kf4 Rd3 30. Rb1 Rxd2 31. f3 Bb6 32. Kf5 Kf7 33. Rf1 a5 34. g4 g6+ 35. Kf4 c6 36. gxh5 Bc7+ 37. Kg4 Rg2+ 38. Kh3 Rg3+ 39. Kh2 Rxf3+ 40. Kg2 Rxf1 41. Kxf1 gxh5 0-1

[Event "Pic d'Anie op 3rd"]
[Site "Pic d'Anie"]
[Date "2006.08.11"]
[Round "5"]
[White "Fermen, Guy"]
[Black "Picavez, Pascal"]
[Result "1-0"]
[WhiteElo "1580"]
[BlackElo "1370"]
[PlyCount "49"]
[EventDate "2006.08.07"]
[EventType "swiss"]
[EventRounds "7"]
[EventCountry "FRA"]
[SourceTitle "CBM 113 Extra"]
[Source "ChessBase"]
[SourceDate "2006.09.14"]
[SourceVersion "1"]
[SourceVersionDate "2006.09.14"]
[SourceQuality "1"]

1. Nf3 g6 2. g3 Bg7 3. Bg2 e6 4. 0-0 d6 5. d4 Nd7 6. Nc3 b6 7. Nd2 Rb8 8. Nb5 a6 9. Nc3 Bxd4 10. Nde4 Bg7 11. Be3 d5 12. Ng5 Nh6 13. Nf3 Bb7 14. Qd2 Nf5 15. Nd4 c6 16. Nxf5 gxf5 17. Rab1 c5 18. Bh6 Bxh6 19. Qxh6 Nf6 20. f4 Ng4 21. Qg7 Ke7 22. Qg5+ f6 23. Qg7+ Kd6 24. e4 e5 25. fxe5+ 1-0

[Event "Besancon op"]
[Site "Besancon"]
[Date "2004.12.29"]
[Round "4"]
[White "Picavez, Pascal"]
[Black "Lurbe, Johanna"]
[Result "0-1"]
[WhiteElo "1499"]
[BlackElo "1100"]
[PlyCount "88"]
[EventDate "2004.12.27"]
[EventType "swiss"]
[EventRounds "7"]
[EventCountry "FRA"]
[SourceTitle "EXT 2006"]
[Source "ChessBase"]
[SourceDate "2005.11.24"]
[SourceVersion "1"]
[SourceVersionDate "2005.11.24"]
[SourceQuality "1"]

1. e4 e5 2. Nf3 Nc6 3. Bb5 Nd4 4. Nc3 Nxb5 5. Nxb5 d6 6. 0-0 Bg4 7. d3 Bxf3 8. Qxf3 Be7 9. g3 Nf6 10. Bg5 0-0 11. Nc3 Nd7 12. Be3 c6 13. Rad1 Bg5 14. Rfe1 Bxe3 15. Rxe3 Nb6 16. Qg4 d5 17. h4 d4 18. Rf3 dxc3 19. bxc3 Nc4 20. Rb1 Nd2 21. Rxb7 Nxf3+ 22. Qxf3 Qa5 23. Re7 Qxc3 24. h5 h6 25. g4 Qxc2 26. Rxe5 Rae8 27. Rf5 Qb2 28. g5 Qc1+ 29. Kg2 hxg5 30. Qh3 f6 31. h6 Kf7 32. hxg7 Kxg7 33. f4 gxf4 34. Qg4+ Kf7 35. Qh5+ Ke6 36. Qh3 Rg8+ 37. Rg5+ Kd6 38. e5+ fxe5 39. Qh6+ Kd5 40. d4 f3+ 41. Kg3 Qxg5+ 42. Qxg5 Rxg5+ 43. Kxf3 exd4 44. a4 Rf5+ 0-1